[Event "HUN-chT2 Barcza 1112 "]
[Site "Hungary"]
[Date "2012.03.25"]
[Round "8"]
[White "Valko, Krisztian"]
[Black "Kiss, Sandor1111"]
[Result "1/2-1/2"]
[WhiteElo "2312"]
[BlackElo "2113"]
[PlyCount "33"]
[EventDate "2011.09.25"]
[EventType "team-tourn"]
[EventRounds "11"]
[EventCountry "HUN"]
[SourceTitle "EXT 2013"]
[Source "ChessBase"]
[SourceDate "2012.11.22"]
[SourceVersion "1"]
[SourceVersionDate "2012.11.22"]
[SourceQuality "1"]
[WhiteTeam "Piremon"]
[BlackTeam "Tiszavasvar"]
[WhiteTeamCountry "HUN"]
[BlackTeamCountry "HUN"]

1. e4 d6 2. d4 Nf6 3. Nc3 g6 4. Be3 Bg7 5. h3 0-0 6. Nf3 Nc6 7. Bd3 e5 8. dxe5 Nxe5 9. Nxe5 dxe5 10. Ne2 b6 11. Ng3 Bb7 12. 0-0 Qe7 13. c3 Nd7 14. b4 c5 15. Qb3 Rac8 16. a4 a6 17. b5 1/2-1/2

[Event "HUN-chT2 Barcza 1112 "]
[Site "Hungary"]
[Date "2012.03.11"]
[Round "7"]
[White "Barabas, Tibor"]
[Black "Valko, Krisztian"]
[Result "1/2-1/2"]
[WhiteElo "2083"]
[BlackElo "2312"]
[PlyCount "47"]
[EventDate "2011.09.25"]
[EventType "team-tourn"]
[EventRounds "11"]
[EventCountry "HUN"]
[SourceTitle "EXT 2013"]
[Source "ChessBase"]
[SourceDate "2012.11.22"]
[SourceVersion "1"]
[SourceVersionDate "2012.11.22"]
[SourceQuality "1"]
[WhiteTeam "Mezokovesd"]
[BlackTeam "Piremon"]
[WhiteTeamCountry "HUN"]
[BlackTeamCountry "HUN"]

1. e4 c6 2. c4 e5 3. d4 Bb4+ 4. Bd2 Bxd2+ 5. Qxd2 d6 6. Nf3 Qe7 7. c5 dxc5 8. dxe5 Bg4 9. Qg5 Qxg5 10. Nxg5 h6 11. Nf3 Bxf3 12. gxf3 Nd7 13. f4 Ne7 14. Rg1 g5 15. fxg5 Nxe5 16. Nd2 hxg5 17. Rxg5 f6 18. Rg2 N7g6 19. h3 Nf4 20. Rg3 0-0-0 21. 0-0-0 Ned3+ 22. Kc2 Nxf2 23. Re1 N2xh3 24. Rf3 1/2-1/2

[Event "HUN-chT2 Barcza 1112 "]
[Site "Hungary"]
[Date "2012.01.29"]
[Round "5"]
[White "Korpas, Zoltan"]
[Black "Valko, Krisztian"]
[Result "1/2-1/2"]
[WhiteElo "2135"]
[BlackElo "2312"]
[PlyCount "36"]
[EventDate "2011.09.25"]
[EventType "team-tourn"]
[EventRounds "11"]
[EventCountry "HUN"]
[SourceTitle "EXT 2013"]
[Source "ChessBase"]
[SourceDate "2012.11.22"]
[SourceVersion "1"]
[SourceVersionDate "2012.11.22"]
[SourceQuality "1"]
[WhiteTeam "Balkany"]
[BlackTeam "Piremon"]
[WhiteTeamCountry "HUN"]
[BlackTeamCountry "HUN"]

1. Nf3 d5 2. d4 c6 3. Bf4 Qb6 4. b3 Bf5 5. e3 e6 6. Bd3 Bg6 7. 0-0 Nd7 8. Ne5 Ngf6 9. Nd2 Nxe5 10. Bxe5 Be7 11. h3 0-0 12. Bxg6 hxg6 13. c4 c5 14. dxc5 Bxc5 15. Bxf6 gxf6 16. cxd5 exd5 17. Nf3 Rfd8 18. Qe2 d4 1/2-1/2

[Event "HUN-chT2 Barcza 1112 "]
[Site "Hungary"]
[Date "2011.10.30"]
[Round "2"]
[White "Sztaray, Gyula"]
[Black "Valko, Krisztian"]
[Result "0-1"]
[WhiteElo "2035"]
[BlackElo "2312"]
[PlyCount "68"]
[EventDate "2011.09.25"]
[EventType "team-tourn"]
[EventRounds "11"]
[EventCountry "HUN"]
[SourceTitle "EXT 2013"]
[Source "ChessBase"]
[SourceDate "2012.11.22"]
[SourceVersion "1"]
[SourceVersionDate "2012.11.22"]
[SourceQuality "1"]
[WhiteTeam "Debrecen Betu"]
[BlackTeam "Piremon"]
[WhiteTeamCountry "HUN"]
[BlackTeamCountry "HUN"]

1. e4 c6 2. d4 d5 3. Nc3 dxe4 4. Nxe4 Bf5 5. Ng3 Bg6 6. Nf3 Nd7 7. Bd3 Ngf6 8. 0-0 e6 9. c3 Qc7 10. Re1 Be7 11. Bg5 0-0 12. Bxg6 hxg6 13. Qe2 c5 14. dxc5 Bxc5 15. Ne4 Nxe4 16. Qxe4 Nf6 17. Bxf6 gxf6 18. Re2 Rfd8 19. h3 Kg7 20. b4 Be7 21. Rc1 Rac8 22. a3 f5 23. Qc2 b5 24. a4 a6 25. axb5 axb5 26. Qb3 Bf6 27. Rec2 Qc4 28. Qxc4 Rxc4 29. Nd2 Rxc3 30. Rxc3 Bxc3 31. Nf3 Bxb4 32. Rb1 Bc5 33. Rxb5 Rd1+ 34. Kh2 Bxf2 0-1

[Event "HUN-chT2 Barcza 0910"]
[Site "Hungary"]
[Date "2010.05.02"]
[Round "11.1"]
[White "Gunyecz, Zoltan"]
[Black "Valko, Krisztian"]
[Result "0-1"]
[WhiteElo "1995"]
[BlackElo "2298"]
[PlyCount "87"]
[EventDate "2009.11.08"]
[EventType "team-tourn"]
[EventRounds "11"]
[EventCountry "HUN"]
[SourceTitle "EXT 2011"]
[Source "ChessBase"]
[SourceDate "2010.11.26"]
[SourceVersion "1"]
[SourceVersionDate "2010.11.26"]
[SourceQuality "1"]
[WhiteTeam "Nyiregyhaza"]
[BlackTeam "Piremon"]
[WhiteTeamCountry "HUN"]
[BlackTeamCountry "HUN"]

1. d4 d5 2. c4 c6 3. cxd5 cxd5 4. Nc3 Nf6 5. Bf4 Nc6 6. e3 a6 7. Nf3 Bg4 8. Bd3 Bxf3 9. gxf3 e6 10. Bg5 Be7 11. 0-0 0-0 12. Rc1 Nd7 13. Bxe7 Qxe7 14. Kh1 Rac8 15. Rg1 f5 16. f4 Qb4 17. Rc2 Nb6 18. Qh5 Qe7 19. a3 Na5 20. f3 Nac4 21. Nd1 Nd6 22. Rcg2 Rc1 23. Rg3 Nd7 24. Qh6 Rf7 25. Rh3 Nf6 26. Qg5 b5 27. Qg2 Nc4 28. e4 Rxd1 29. Rxd1 Ne3 30. Qd2 Nxd1 31. Qxd1 fxe4 32. fxe4 dxe4 33. Bc2 Qd6 34. Qd2 Rd7 35. Bb3 Qxd4 36. Bxe6+ Kh8 37. Qe1 Qd1 38. Re3 Rd2 39. b3 Qc2 40. Qh4 Rd1+ 41. Re1 Qc1 42. Rxd1 Qxd1+ 43. Kg2 Qf3+ 44. Kg1 0-1

[Event "HUN-chT2 Barcza 0910"]
[Site "Hungary"]
[Date "2010.03.21"]
[Round "8.1"]
[White "Valko, Krisztian"]
[Black "Eberth, Zoltan"]
[Result "1/2-1/2"]
[WhiteElo "2298"]
[BlackElo "1642"]
[PlyCount "62"]
[EventDate "2009.11.08"]
[EventType "team-tourn"]
[EventRounds "11"]
[EventCountry "HUN"]
[SourceTitle "EXT 2011"]
[Source "ChessBase"]
[SourceDate "2010.11.26"]
[SourceVersion "1"]
[SourceVersionDate "2010.11.26"]
[SourceQuality "1"]
[WhiteTeam "Piremon"]
[BlackTeam "Mezokovesd"]
[WhiteTeamCountry "HUN"]
[BlackTeamCountry "HUN"]

1. e4 c5 2. Nf3 Nc6 3. d4 cxd4 4. Nxd4 g6 5. c4 Nf6 6. Nc3 Nxd4 7. Qxd4 d6 8. Be2 Bg7 9. Be3 0-0 10. Qd2 Qa5 11. Rc1 Be6 12. f3 Rfc8 13. b3 a6 14. Nd5 Qxd2+ 15. Kxd2 Bxd5 16. cxd5 Nd7 17. Rxc8+ Rxc8 18. Rc1 Rxc1 19. Kxc1 Kf8 20. Kc2 e6 21. dxe6 fxe6 22. Bc4 Kf7 23. b4 Ne5 24. Be2 Nc6 25. b5 axb5 26. Bxb5 Nd4+ 27. Bxd4 Bxd4 28. Kd3 Bg7 29. h3 Kf6 30. Bc4 Ke5 31. a4 b6 1/2-1/2

[Event "HUN-chT2 Barcza 0910"]
[Site "Hungary"]
[Date "2009.11.08"]
[Round "1.1"]
[White "Valko, Krisztian"]
[Black "Leviczki, Tibor"]
[Result "1/2-1/2"]
[WhiteElo "2298"]
[BlackElo "2408"]
[PlyCount "42"]
[EventDate "2009.11.08"]
[EventType "team-tourn"]
[EventRounds "11"]
[EventCountry "HUN"]
[SourceTitle "EXT 2011"]
[Source "ChessBase"]
[SourceDate "2010.11.26"]
[SourceVersion "1"]
[SourceVersionDate "2010.11.26"]
[SourceQuality "1"]
[WhiteTeam "Piremon"]
[BlackTeam "DEAC"]
[WhiteTeamCountry "HUN"]
[BlackTeamCountry "HUN"]

1. e4 c5 2. Nf3 e6 3. d4 cxd4 4. Nxd4 a6 5. c4 Nf6 6. Nc3 Qc7 7. Be2 Nc6 8. Nxc6 dxc6 9. Bg5 Be7 10. 0-0 e5 11. Qc2 Nh5 12. Be3 Nf4 13. Rfd1 Ne6 14. Na4 c5 15. Nc3 0-0 16. Nd5 Qd8 17. Rab1 Bg5 18. b4 Bxe3 19. fxe3 cxb4 20. Qb2 a5 21. Qxe5 Qg5 1/2-1/2

[Event "HUN-chT2 Barcza 0809"]
[Site "Hungary"]
[Date "2009.02.22"]
[Round "8.2"]
[White "Sallai, Janos"]
[Black "Valko, Krisztian"]
[Result "0-1"]
[WhiteElo "2078"]
[BlackElo "2267"]
[PlyCount "74"]
[EventDate "2008.10.26"]
[EventType "team-tourn"]
[EventRounds "11"]
[EventCountry "HUN"]
[SourceTitle "EXT 2010"]
[Source "ChessBase"]
[SourceDate "2010.11.25"]
[SourceVersion "1"]
[SourceVersionDate "2010.11.25"]
[SourceQuality "1"]
[WhiteTeam "Mezokovesd"]
[BlackTeam "Piremon"]
[WhiteTeamCountry "HUN"]
[BlackTeamCountry "HUN"]

1. e4 e5 2. Nf3 Nc6 3. Bc4 Bc5 4. c3 Nf6 5. d4 exd4 6. cxd4 Bb4+ 7. Nc3 Nxe4 8. 0-0 Bxc3 9. bxc3 d5 10. Bd3 0-0 11. Qc2 f5 12. Rb1 Kh8 13. c4 dxc4 14. Qxc4 Nd6 15. Qb3 f4 16. Ba3 Bg4 17. Ne5 Bh5 18. Qc3 f3 19. Nxc6 bxc6 20. Qxc6 fxg2 21. Qxg2 Bf3 22. Qg3 Qf6 23. Rb3 Bd5 24. Rc3 Qxd4 25. Qh3 h6 26. Be2 Qe4 27. f4 Qxe2 28. Re3 Qc2 29. Rc1 Qg6+ 30. Rg3 Qe4 31. Bb2 Qh1+ 32. Kf2 Rxf4+ 33. Ke2 Re8+ 34. Kd2 Rf2+ 35. Kc3 Nb5+ 36. Kb4 Rxb2+ 37. Ka5 Qxc1 0-1

[Event "HUN-chT2 Barcza 0809"]
[Site "Hungary"]
[Date "2008.11.02"]
[Round "2.2"]
[White "Valko, Krisztian"]
[Black "Csema, Tamas"]
[Result "1-0"]
[WhiteElo "2267"]
[BlackElo "2033"]
[PlyCount "24"]
[EventDate "2008.10.26"]
[EventType "team-tourn"]
[EventRounds "11"]
[EventCountry "HUN"]
[SourceTitle "EXT 2010"]
[Source "ChessBase"]
[SourceDate "2010.11.25"]
[SourceVersion "1"]
[SourceVersionDate "2010.11.25"]
[SourceQuality "1"]
[WhiteTeam "Piremon"]
[BlackTeam "Miskolc EMSE II"]
[WhiteTeamCountry "HUN"]
[BlackTeamCountry "HUN"]

1. e4 e6 2. d4 d5 3. Nc3 Nf6 4. Bg5 Be7 5. e5 Nfd7 6. Bxe7 Qxe7 7. f4 a6 8. Nf3 Nc6 9. Bd3 f6 10. 0-0 0-0 11. Qd2 b5 12. exf6 Qxf6 1-0

[Event "HUN-chT2 Barcza 0708"]
[Site "Hungary"]
[Date "2008.04.27"]
[Round "10"]
[White "Valko, Krisztian"]
[Black "Hegedus, Rafael"]
[Result "1-0"]
[WhiteElo "2231"]
[BlackElo "2102"]
[PlyCount "37"]
[EventDate "2007.10.14"]
[EventType "team"]
[EventRounds "11"]
[EventCountry "HUN"]
[SourceTitle "EXT 2009"]
[Source "ChessBase"]
[SourceDate "2008.11.26"]
[SourceVersion "1"]
[SourceVersionDate "2008.11.26"]
[SourceQuality "1"]
[WhiteTeam "Lokomotiv"]
[BlackTeam "Mezokovesd"]
[WhiteTeamCountry "HUN"]
[BlackTeamCountry "HUN"]

1. e4 e5 2. Nf3 Nc6 3. Bb5 a6 4. Ba4 Nf6 5. 0-0 b5 6. Bb3 d6 7. Ng5 d5 8. exd5 Nd4 9. Re1 Nxb3 10. Rxe5+ Be7 11. axb3 h6 12. Nf3 Ng4 13. Re1 Qxd5 14. Nc3 Qh5 15. d4 c6 16. d5 Kf8 17. Qe2 cxd5 18. Qxe7+ Kg8 19. Qd8+ 1-0

[Event "HUN-chT2 Barcza 0708"]
[Site "Hungary"]
[Date "2007.11.11"]
[Round "2"]
[White "Ligart, Tamas"]
[Black "Valko, Krisztian"]
[Result "1/2-1/2"]
[WhiteElo "2209"]
[BlackElo "2231"]
[PlyCount "87"]
[EventDate "2007.10.14"]
[EventType "team"]
[EventRounds "11"]
[EventCountry "HUN"]
[SourceTitle "EXT 2009"]
[Source "ChessBase"]
[SourceDate "2008.11.26"]
[SourceVersion "1"]
[SourceVersionDate "2008.11.26"]
[SourceQuality "1"]
[WhiteTeam "Edeleny"]
[BlackTeam "Lokomotiv"]
[WhiteTeamCountry "HUN"]
[BlackTeamCountry "HUN"]

1. e4 e5 2. Nf3 Nc6 3. Nc3 Nf6 4. d4 exd4 5. Nxd4 Bb4 6. Nxc6 bxc6 7. Bd3 d5 8. exd5 cxd5 9. 0-0 0-0 10. Bg5 c6 11. Qf3 Be7 12. h3 Re8 13. Rfe1 Be6 14. Ne2 h6 15. Bf4 c5 16. Bb5 Bd7 17. Bxd7 Qxd7 18. Rad1 Qf5 19. c4 g5 20. g4 Qe4 21. Qxe4 Nxe4 22. Bh2 dxc4 23. f3 Nf6 24. Nc3 Bf8 25. Be5 Bg7 26. Nb5 Rad8 27. Nd6 Rxe5 28. Rxe5 Nxg4 29. Rxc5 Ne5 30. Rcd5 Nxf3+ 31. Kf2 Ne5 32. b3 cxb3 33. axb3 Rb8 34. Nc4 Nc6 35. Rd6 Nd4 36. Nd2 Rb5 37. Rd8+ Kh7 38. Rd7 Kg6 39. Rxa7 Nxb3 40. Nxb3 Rxb3 41. Rd6+ Bf6 42. Raa6 Rb2+ 43. Ke3 Rb3+ 44. Ke4 1/2-1/2

[Event "HUN-chT2 Barcza 0607"]
[Site "Hungary"]
[Date "2007.03.04"]
[Round "6"]
[White "Korpas, Zoltan"]
[Black "Valko, Krisztian"]
[Result "1-0"]
[WhiteElo "2128"]
[BlackElo "2283"]
[PlyCount "68"]
[EventDate "2006.11.12"]
[EventType "team"]
[EventRounds "11"]
[EventCountry "HUN"]
[SourceTitle "EXT 2008"]
[Source "ChessBase"]
[SourceDate "2007.11.25"]
[SourceVersion "1"]
[SourceVersionDate "2007.11.25"]
[SourceQuality "1"]
[WhiteTeam "Tiszavasvar"]
[BlackTeam "Lokomotiv"]
[WhiteTeamCountry "HUN"]
[BlackTeamCountry "HUN"]

1. Nf3 d5 2. g3 Bg4 3. Bg2 Nd7 4. c4 e6 5. 0-0 Ngf6 6. b3 Be7 7. Bb2 0-0 8. d3 a5 9. a3 c6 10. Nbd2 Qb8 11. Qc2 Rd8 12. h3 Bh5 13. Rfe1 Ne8 14. Rac1 Bf6 15. Bxf6 Nexf6 16. Qb2 Qd6 17. b4 axb4 18. axb4 Ra6 19. c5 Qc7 20. Ra1 Rda8 21. Rxa6 Rxa6 22. Ra1 Nb8 23. Rxa6 Nxa6 24. Qa3 h6 25. Bf1 Nd7 26. d4 Bxf3 27. Nxf3 Ndb8 28. e3 b5 29. cxb6 Qxb6 30. b5 cxb5 31. Qe7 Nc7 32. Ne5 f5 33. h4 Nba6 34. Qf7+ Kh8 1-0

[Event "HUN-chT2 Barcza 0506"]
[Site "Hungary"]
[Date "2005.11.27"]
[Round "4"]
[White "Rizsonkov, Vlagyimir"]
[Black "Valko, Krisztian"]
[Result "1-0"]
[WhiteElo "2238"]
[BlackElo "2249"]
[PlyCount "40"]
[EventDate "2005.10.16"]
[EventType "team"]
[EventRounds "11"]
[EventCountry "HUN"]
[SourceTitle "EXT 2009"]
[Source "ChessBase"]
[SourceDate "2008.11.26"]
[SourceVersion "1"]
[SourceVersionDate "2008.11.26"]
[SourceQuality "1"]
[WhiteTeam "Szabolcs Volan"]
[BlackTeam "Piremon II"]
[WhiteTeamCountry "HUN"]
[BlackTeamCountry "HUN"]

1. e4 e5 2. Nf3 Nc6 3. d4 exd4 4. Bc4 Bc5 5. c3 Nf6 6. e5 d5 7. Bb5 Ne4 8. cxd4 Bb6 9. Nc3 0-0 10. Be3 Bg4 11. Be2 f6 12. exf6 Rxf6 13. Rc1 Kh8 14. h3 Be6 15. a3 Qd7 16. Bb5 Qd6 17. Bxc6 bxc6 18. Ne5 Nxf2 19. Bxf2 Rxf2 20. Kxf2 Qxe5 1-0

[Event "Nyiregyhaza op"]
[Site "Nyiregyhaza"]
[Date "2005.07.16"]
[Round "8"]
[White "Krivolapov, Konstantin"]
[Black "Valko, Krisztian"]
[Result "1-0"]
[WhiteElo "2352"]
[BlackElo "2249"]
[PlyCount "85"]
[EventDate "2005.07.09"]
[EventType "swiss"]
[EventRounds "9"]
[EventCountry "HUN"]
[SourceTitle "EXT 2008"]
[Source "ChessBase"]
[SourceDate "2007.11.25"]
[SourceVersion "1"]
[SourceVersionDate "2007.11.25"]
[SourceQuality "1"]

1. e4 e5 2. Nf3 Nc6 3. Bc4 Bc5 4. d3 Nf6 5. h3 a6 6. c3 Ba7 7. Bb3 d6 8. Nbd2 0-0 9. Nf1 d5 10. Qe2 dxe4 11. dxe4 Nh5 12. Bg5 Qd6 13. Rd1 Qg6 14. g3 Be6 15. Bc1 Bxb3 16. axb3 Rfd8 17. Rxd8+ Rxd8 18. Nh4 Qf6 19. Ne3 Nf4 20. gxf4 Qxh4 21. Nf5 Qf6 22. Qg4 g6 23. Nh6+ Kg7 24. f5 Qd6 25. fxg6 Qxg6 26. Nf5+ Kh8 27. b4 b5 28. Bh6 Rg8 29. Rg1 Qxg4 30. Rxg4 Rxg4 31. hxg4 Bb6 32. Ke2 Kg8 33. Bg7 a5 34. bxa5 Nxa5 35. f3 Nc4 36. b3 Na5 37. Bxe5 Nxb3 38. Ne7+ Kf8 39. Nd5 Nc5 40. Bxc7 Ba7 41. Bd6+ Kg7 42. Nc7 Nb7 43. Bb4 1-0

[Event "HUN-chT2 Barcza 0405"]
[Site "Hungary"]
[Date "2005.04.10"]
[Round "10"]
[White "Valko, Krisztian"]
[Black "Szurovszky, Elek"]
[Result "0-1"]
[WhiteElo "2241"]
[BlackElo "2191"]
[PlyCount "80"]
[EventDate "2004.09.26"]
[EventType "team"]
[EventRounds "11"]
[EventCountry "HUN"]
[SourceTitle "EXT 2009"]
[Source "ChessBase"]
[SourceDate "2008.11.26"]
[SourceVersion "1"]
[SourceVersionDate "2008.11.26"]
[SourceQuality "1"]
[WhiteTeam "Piremon II"]
[BlackTeam "Hajduszoboszlo"]
[WhiteTeamCountry "HUN"]
[BlackTeamCountry "HUN"]

1. e4 e5 2. Nf3 Nc6 3. Bb5 Bc5 4. c3 Qf6 5. 0-0 Nge7 6. d3 h6 7. Be3 Bb6 8. Nbd2 0-0 9. Nc4 d6 10. Nxb6 axb6 11. Nd2 Qg6 12. f4 f5 13. Bc4+ Kh8 14. Bb3 fxe4 15. Nxe4 d5 16. Ng3 d4 17. cxd4 exd4 18. Bc1 Bg4 19. Qc2 Ra5 20. Bc4 Nf5 21. Nxf5 Bxf5 22. Bd2 b5 23. Bd5 Bxd3 24. f5 Bxc2 25. fxg6 Raa8 26. Rf7 Bxg6 27. Rxc7 Rae8 28. Rxb7 Re2 29. Bxc6 Rxd2 30. Bf3 Rf4 31. Rd1 Rxb2 32. a4 Bc2 33. Ra1 Be4 34. Rxb5 Rc2 35. a5 d3 36. Bxe4 Rxe4 37. Rd1 Ree2 38. Rh5 Rxg2+ 39. Kf1 Rcf2+ 40. Ke1 d2+ 0-1

[Event "HUN-chT2 Barcza 0405"]
[Site "Hungary"]
[Date "2005.03.06"]
[Round "9"]
[White "Valko, Krisztian"]
[Black "Molnar, Balazs"]
[Result "1-0"]
[WhiteElo "2241"]
[BlackElo "2163"]
[PlyCount "131"]
[EventDate "2004.09.26"]
[EventType "team"]
[EventRounds "11"]
[EventCountry "HUN"]
[SourceTitle "EXT 2009"]
[Source "ChessBase"]
[SourceDate "2008.11.26"]
[SourceVersion "1"]
[SourceVersionDate "2008.11.26"]
[SourceQuality "1"]
[WhiteTeam "Piremon II"]
[BlackTeam "Hajduboszormeny II"]
[WhiteTeamCountry "HUN"]
[BlackTeamCountry "HUN"]

1. e4 d5 2. exd5 Nf6 3. d4 Nxd5 4. Nf3 g6 5. Bc4 Bg7 6. 0-0 0-0 7. c3 Nc6 8. Bb3 Bg4 9. h3 Bxf3 10. Qxf3 e6 11. Nd2 Nf6 12. Nc4 a5 13. a4 Nd5 14. Bd2 Qd7 15. Bg5 h6 16. Bh4 Nde7 17. Bg3 Rac8 18. Rad1 Qd5 19. Nd2 Qxf3 20. Nxf3 Rfd8 21. Rfe1 Kf8 22. Nd2 Rd7 23. Nc4 Rcd8 24. Kf1 Kg8 25. Rc1 Kf8 26. Na3 Na7 27. f3 Nf5 28. Bf4 b6 29. g4 Ne7 30. Bg3 Nec8 31. Bc4 Ne7 32. Nb5 Nxb5 33. Bxb5 c6 34. Bc4 Nc8 35. Ra1 Ra7 36. Ra3 Bf6 37. Rb3 Be7 38. Bf4 Kg7 39. Bb8 Ra8 40. Bc7 Rd7 41. Be5+ Bf6 42. Bg3 Be7 43. Be5+ Bf6 44. f4 Bxe5 45. Rxe5 Raa7 46. Kf2 Re7 47. f5 exf5 48. Rxe7 Rxe7 49. Ba6 Nd6 50. Rxb6 fxg4 51. hxg4 Rc7 52. Bd3 Nc8 53. Rb8 Ne7 54. b4 Nd5 55. bxa5 Nxc3 56. a6 Nxa4 57. Rb7 Rc8 58. a7 Ra8 59. Be4 Nb6 60. Rxb6 Rxa7 61. Rxc6 f5 62. gxf5 gxf5 63. Bf3 f4 64. Be4 Ra4 65. Rd6 Kf7 66. Kf3 1-0

[Event "HUN-chT2 Barcza 0405"]
[Site "Hungary"]
[Date "2005.02.20"]
[Round "8"]
[White "Csolto, Robert"]
[Black "Valko, Krisztian"]
[Result "1-0"]
[WhiteElo "2348"]
[BlackElo "2241"]
[PlyCount "78"]
[EventDate "2004.09.26"]
[EventType "team"]
[EventRounds "11"]
[EventCountry "HUN"]
[SourceTitle "EXT 2009"]
[Source "ChessBase"]
[SourceDate "2008.11.26"]
[SourceVersion "1"]
[SourceVersionDate "2008.11.26"]
[SourceQuality "1"]
[WhiteTeam "Kazincbarcika"]
[BlackTeam "Piremon II"]
[WhiteTeamCountry "HUN"]
[BlackTeamCountry "HUN"]

1. e4 e5 2. Nf3 Nc6 3. Bb5 a6 4. Ba4 Nf6 5. 0-0 Be7 6. Re1 b5 7. Bb3 d6 8. a4 Bb7 9. d3 0-0 10. Nbd2 Nb8 11. Nf1 Nbd7 12. a5 Nc5 13. Ba2 Bc8 14. Be3 Ne6 15. c3 Re8 16. Ng3 Bb7 17. h3 Bf8 18. Qb3 c5 19. Ng5 d5 20. Qc2 c4 21. Nxe6 Rxe6 22. Bb6 Qd7 23. Rad1 Qc6 24. dxc4 dxc4 25. b3 Bc5 26. bxc4 bxc4 27. Rb1 Re7 28. Red1 Rc8 29. Bd8 Rd7 30. Bxf6 Rxd1+ 31. Rxd1 gxf6 32. Qe2 Re8 33. Bxc4 Kf8 34. Bd5 Qc7 35. Bxb7 Qxb7 36. Nf5 Re6 37. Qg4 Qc7 38. Qg7+ Ke8 39. Qg8+ Bf8 1-0

[Event "HUN-chT2 Barcza 0405"]
[Site "Hungary"]
[Date "2004.12.19"]
[Round "5"]
[White "Valko, Krisztian"]
[Black "Radics, Laszlo"]
[Result "1/2-1/2"]
[WhiteElo "2241"]
[BlackElo "2144"]
[PlyCount "66"]
[EventDate "2004.09.26"]
[EventType "team"]
[EventRounds "11"]
[EventCountry "HUN"]
[SourceTitle "EXT 2009"]
[Source "ChessBase"]
[SourceDate "2008.11.26"]
[SourceVersion "1"]
[SourceVersionDate "2008.11.26"]
[SourceQuality "1"]
[WhiteTeam "Piremon II"]
[BlackTeam "Szabolcs Volan"]
[WhiteTeamCountry "HUN"]
[BlackTeamCountry "HUN"]

1. e4 Nc6 2. d4 e5 3. dxe5 Nxe5 4. f4 Ng6 5. Bc4 Nf6 6. Nc3 Bb4 7. e5 Qe7 8. Qe2 Ng4 9. Qxg4 d5 10. Bb5+ c6 11. Qe2 Bxc3+ 12. bxc3 cxb5 13. Qxb5+ Qd7 14. Rb1 Rb8 15. Nf3 a6 16. Qxd7+ Bxd7 17. g3 f6 18. exf6 gxf6 19. Nd4 Kf7 20. Ba3 b5 21. Kd2 h5 22. Rhe1 h4 23. Bd6 Rbe8 24. f5 Ne5 25. Bxe5 fxe5 26. Nf3 Bxf5 27. Nxe5+ Kf6 28. Nd3 Rxe1 29. Rxe1 hxg3 30. hxg3 Rh3 31. Re2 Rh1 32. Re1 Rh2+ 33. Re2 Rh1 1/2-1/2